000 02908nam1a2200409 i 4500
001 RU\NLR\bibl\1666804
005 20260407232008.0
035 _a(NLR Aleph) 001658077
090 _a964032
_c964032
100 _a20100823g20109999k y0rusy50 ca
101 0 _arus
102 _aRU
105 _a||||z |||||
200 1 _aВосток - Россия - Запад. Современные процессы развития физической культуры, спорта и туризма. Состояние и перспективы формирования здорового образа жизни
_eматериалы VII международного симпозиума, 6-10 мая 2010 г.
_f[под науч. ред. д.п.н., проф. В.С. Макеевой]
210 _aОрел
_cОрелГТУ
_d2010
215 _d21
300 _aВ надзаг.: Упр. по физ. культуре и спорту Орл. обл., Гос. образоват. учреждение высш. проф. образования "Орл. гос. техн. ун-т", г. Орел, Гос. образоват. учреждение высш. проф. образования "Сиб. гос. аэрокосм. ун-т им. М.Ф. Решетнева", г. Красноярск [и др.]
300 _aПосвящается 65-летию победы над фашистской Германией
463 0 _10011653829
463 0 _10011652139
517 0 _aСовременные процессы развития физической культуры, спорта и туризма
517 0 _aСостояние и перспективы формирования здорового образа жизни
606 1 _aФизическая культура и спорт
_jСъезды, совещания и т.п.
_9909851
_3RU\NLR\auth\6612378
606 _aТуризм
_jСъезды, совещания и т.п.
_9906944
_3RU\NLR\auth\6610825
606 _aЗдоровье
_jСъезды, совещания и т.п.
_xВлияние образа жизни
_91187547
_3RU\NLR\auth\66478790
686 _aЧ514(0)я431
686 _aЧ518.14(0)я431
686 _aР120.4я431(0)
702 1 _aМакеева
_bВ. С.
_gВера Степановна
_4340
711 1 2 _a"Восток - Россия - Запад. Современные процессы развития физической культуры, спорта и туризма. Состояние и перспективы формирования здорового образа жизни", международный симпозиум
_d7
_eОрел
_f2010
_9810661
_3RU\NLR\AUTH\8810157633
801 0 _aRU
_bNLR
_c20100823
_gRCR
801 1 _aRU
_bNLR
_c20100823
852 _aNLR
_j2010-3/22800
942 _cBOOK